01158nam a22001817a 4500008004100000020001800041050001800059110004500077245015900122260005000281300001800331490007700349504006500426505038400491650004500875650003100920650002500951130119t xxu||||| |||| 00| 0 eng d a9786074682342 aKGF70.A3bE44 aSuprema Corte de Justicia de la Nación aEfecto legal de los cateosb : cuando se nombran como testigos a policías que intervienen en esa diligenciac / Suprema Corte de Justicia de la Nación aMexicob : Suprema Corte de Justiciac , 2010 a179 páginas aDecisiones relevantes de la Suprema Corte de Justicia de la Naciónv49 aIncluye: Presentación Introducción Índice de contenido aEstudio introductorio Amparo directo 27/2008-Pl Conclusiones Voto concurrente que formula el ministro Mariano Azuela Güitrón Voto particular que formula el ministro José Ramón Cossío Díaz Voto particular que formula el ministro José de Jesús Gudiño Pelayo Comentario del Instituto de Investigaciones Jurídicas de la Universidad Nacional Autónoma de Mëxico 0aCATEO - AMPAROxCONTRADICCIÓN DE TESIS 0aPOLICIAxPARTES PROCESALES 0aAUTORIDAD - TESTIGOS